000 00733nam a22002417a 4500
001 3482
003 FISKH
005 20250425083757.0
008 240312b cb ||||| |||| 00| 0 eng d
040 _aFISK
_beng
_cFISK
_dFISK
050 _aPZ7.C7834
082 _a813.54
100 _aB. Cooney Caroline
_d1947-
245 _aFlight #116 is down! /
_cCaroline B. Cooney
260 _aNew York :
_bScholastic,
_c1993
300 _a201 pages :
_c18 cm
505 _aM
520 _aTeenager Heidi Landseth helps rescue people from a plane crash on her family's property, and the experience changes her life forever.
521 8 _a710
_bLexile
700 _aCaroline B. Cooney
942 _2ddc
_cBK
_n0
999 _c3482
_d3482